000 00320nam a2200133Ia 4500
005 20260328104331.0
008 260328s9999||||xx |||||||||||||| ||und||
100 _aMilstein, Jeffrey
245 0 _aParis From the Air /
_cJeffrey Milstein
260 _bRizzoli
300 _a219 p.
650 _aFOTOGRAFÍA
942 _cBK
999 _c11721
_d11721